|
|
|
|
| LEADER |
00000caa a2200000 c 4500 |
| 001 |
1621794768 |
| 003 |
DE-627 |
| 005 |
20220606121828.0 |
| 007 |
tu |
| 008 |
080215s2008 xx ||||| 00| ||eng c |
| 035 |
|
|
|a (DE-627)1621794768
|
| 035 |
|
|
|a (DE-576)277321743
|
| 035 |
|
|
|a (DE-599)BSZ277321743
|
| 040 |
|
|
|a DE-627
|b ger
|c DE-627
|e rakwb
|
| 041 |
|
|
|a eng
|
| 100 |
1 |
|
|a Wyant, Brian R.
|4 aut
|
| 245 |
1 |
0 |
|a Multilevel impacts of perceived incivilities and perceptions of crime risk on fear of crime
|b isolating endogenous impacts
|c Brian R. Wyant
|
| 264 |
|
1 |
|c 2008
|
| 336 |
|
|
|a Text
|b txt
|2 rdacontent
|
| 337 |
|
|
|a ohne Hilfsmittel zu benutzen
|b n
|2 rdamedia
|
| 338 |
|
|
|a Band
|b nc
|2 rdacarrier
|
| 773 |
0 |
8 |
|i In
|t Journal of research in crime and delinquency
|d Thousand Oaks [u.a.] : Sage, 1964
|g 45(2008), 1, Seite 39-64
|w (DE-627)130438405
|w (DE-600)700175-7
|w (DE-576)015931730
|x 0022-4278
|7 nnas
|
| 773 |
1 |
8 |
|g volume:45
|g year:2008
|g number:1
|g pages:39-64
|
| 951 |
|
|
|a AR
|
| ELC |
|
|
|b 1
|
| LOK |
|
|
|0 000 xxxxxcx a22 zn 4500
|
| LOK |
|
|
|0 001 3242335988
|
| LOK |
|
|
|0 003 DE-627
|
| LOK |
|
|
|0 004 1621794768
|
| LOK |
|
|
|0 005 20250505121732
|
| LOK |
|
|
|0 008 080215||||||||||||||||ger|||||||
|
| LOK |
|
|
|0 040
|a DE-21-110
|c DE-627
|d DE-21-110
|
| LOK |
|
|
|0 689
|a s
|a Kriminalitätsfurcht
|
| LOK |
|
|
|0 689
|a s
|a Verwahrlosungszeichen
|
| LOK |
|
|
|0 689
|a s
|a Kriminalitätsrisiko
|
| LOK |
|
|
|0 852
|a DE-21-110
|
| LOK |
|
|
|0 852 1
|m p
|9 00
|
| LOK |
|
|
|0 935
|a tre0
|
| LOK |
|
|
|0 938
|k p
|
| LOK |
|
|
|0 939
|a 15-02-08
|b l01
|
| ORI |
|
|
|a SA-MARC-krimdoka001.raw
|